| 000 | 00471nam a22001337a 4500 | ||
|---|---|---|---|
| 040 | _cRUA | ||
| 082 | _aAGR TUY 2015 B604 Or.1 | ||
| 100 | _aTUY VITU ,ទុយ វិទូ | ||
| 245 | _acomparison on of urea rate on green onion,ការបៀបធៀបកម្រិតជីអ៊ុយរ៉េទៅលើដំណាំខ្ទឹមស្លឹក | ||
| 260 |
_aphnom penh _brua _c2015 |
||
| 300 |
_ax;39p; _bill; _c29cm; |
||
| 856 | _uTUY VITU | ||
| 942 | _cVEM | ||
| 999 |
_c17060 _d17060 |
||